000 00362 a2200109 4500
001 ART_28153
005 20260410161951.0
008 260409a
245 1 0 _aEl contrato de concesión en el Código Civil y Comercial de la Nación
100 1 _aSchiavino, Raúl
773 0 _tTemas de derecho comercial
_g- Año 1, Nº 2 (feb. 2015)
_wREV28151
999 _c30392
_d30392